El misterio de la poesía
Saved in:
| Hovedforfatter: | |
|---|---|
| Format: | Bog |
| Sprog: | spansk |
| Udgivet: |
Santiago
Nueva Universidad
1981
|
| Serier: | Colección Universidad y Letras
|
| Fag: | |
| Tags: |
Tilføj Tag
Ingen Tags, Vær først til at tagge denne postø!
|
MARC
| LEADER | 00000nam a2200000 a 4500 | ||
|---|---|---|---|
| 001 | UCX6145 | ||
| 003 | CL-VaPUC | ||
| 008 | 930426e19810000CL |||||||||||||||||spa|d | ||
| 082 | 0 | 4 | |a 809.1 |b LIR |2 21 |
| 100 | |a Lira Pérez, Osvaldo |e autor |9 314960 | ||
| 245 | 1 | 3 | |a El misterio de la poesía |
| 300 | |a v | ||
| 942 | |c BK | ||
| 945 | |d 19930426 00:00:00 | ||
| 260 | |a Santiago |b Nueva Universidad |c 1981 | ||
| 500 | |a v.1: El poeta | ||
| 500 | |a v.3: La clave del poeta y el poema | ||
| 650 | 0 | |a Poética |9 266624 | |
| 650 | 7 | |a POESIA - HISTORIA Y CRITICA |2 CL-VaPUC |9 265066 | |
| 583 | |a last modification |c 19930426 00:00:00 |k Rodrigo Vera | ||
| 490 | 0 | |a Colección Universidad y Letras | |
| 999 | |c 226225 |d 226223 | ||
| 952 | |0 0 |1 0 |4 0 |6 809_100000000000000_LIR_1981 |7 0 |8 A |9 224430 |a BIBEDU |b BIBEDU |d 2019-11-15 |h v.3 |i 2931818 |o 809.1 LIR 1981 |p 2931818 |r 2019-11-15 |w 2019-11-15 |y BK |k LIT | ||
| 952 | |0 0 |1 0 |4 0 |6 809_100000000000000_LIR_1981 |7 0 |8 A |9 224431 |a BIBEDU |b BIBEDU |d 2019-11-15 |h v.1 |i 133770K |o 809.1 LIR 1981 |p 133770K |r 2019-11-15 |w 2019-11-15 |y BK |k LIT | ||